The Phylum Sipuncula in the Mediterranean Sea
Αποθηκεύτηκε σε:
| Κύριος συγγραφέας: | |
|---|---|
| Άλλοι συγγραφείς: | , |
| Μορφή: | Βιβλίο |
| Γλώσσα: | English |
| Δημοσίευση: |
Αθήνα :
Εθνικό Κέντρο Θαλάσσιων Ερευνών,
1999
|
| Σειρά: | Μονογραφίες θαλάσσιων επιστημών ;
; 2 |
| Θέματα: | |
| Ετικέτες: |
Προσθήκη ετικέτας
Δεν υπάρχουν, Καταχωρήστε ετικέτα πρώτοι!
|
MARC
| LEADER | 00000cam a2200000 i 4500 | ||
|---|---|---|---|
| 001 | 1/66650 | ||
| 008 | 150211s1999 eng d | ||
| 020 | |a 960-86651-7-4 | ||
| 035 | |l 10121015 | ||
| 040 | |a GR-MY-UA |b gre |e aacr | ||
| 041 | 0 | |a eng | |
| 082 | 0 | |a 592.62 | |
| 100 | 1 | |a Pancucci-Papadopoulou, M. A. | |
| 245 | 1 | 4 | |a The Phylum Sipuncula in the Mediterranean Sea / |c Pancucci-Papadopoulou M.A., Murina G.V.V. & Zenetos A. |
| 260 | |a Αθήνα : |b Εθνικό Κέντρο Θαλάσσιων Ερευνών, |c 1999 | ||
| 300 | |a 109 σ.; |b πιν., εικ.; |c 28 εκ. | ||
| 490 | 1 | |a Μονογραφίες θαλάσσιων επιστημών = Monographs on marine sciences |v ; 2 | |
| 650 | 0 | 0 | |a Marine biology. |
| 650 | 0 | 0 | |a Sipuncula. |
| 650 | 0 | 0 | |a Worms. |
| 700 | 1 | |a Murina, G. V. V. | |
| 700 | 1 | |a Zenetos, A. | |
| 830 | 0 | |a Μονογραφίες θαλάσσιων επιστημών ; |v ; 2 | |
| 852 | |a INST |b LESVOS |e 20150211 |h 592.62 PAN |p 005100056070 |q 005100056070 |t BK |y 0 | ||
| 901 | |a BIBL1-2015-1 | ||
| 909 | |a Λ |b 191760 | ||
| 970 | |a ΤΖΑΦΕΡΗ |b ΕΥΑΓΓΕΛΙΑ |z 2015/02/11 | ||